[Event "Regionalliga NW 1415"]
[Site "Bayern"]
[Date "2015.02.01"]
[Round "6.8"]
[White "Schnepper, Pauline"]
[Black "Berger, Manuel"]
[Result "1/2-1/2"]
[WhiteElo "1535"]
[BlackElo "1746"]
[PlyCount "65"]
[EventDate "2014.10.19"]
[EventType "team-tourn"]
[EventRounds "9"]
[EventCountry "GER"]
[SourceTitle "EXT 2018"]
[Source "ChessBase"]
[SourceDate "2017.10.13"]
[SourceVersion "1"]
[SourceVersionDate "2017.10.13"]
[SourceQuality "1"]
[WhiteTeam "Mainaschaff"]
[BlackTeam "Aschaffenburg Schweinheim"]
[WhiteTeamCountry "GER"]
[BlackTeamCountry "GER"]

1. e4 c5 2. Nf3 Nc6 3. d4 cxd4 4. Nxd4 e5 5. Nf3 Nf6 6. Bg5 h6 7. Bh4 Qa5+ 8. Qd2 Qxd2+ 9. Nfxd2 Bc5 10. Nc3 g5 11. Bg3 d6 12. Bc4 a6 13. a3 Nd4 14. 0-0-0 b5 15. Nd5 Nxd5 16. Bxd5 Rb8 17. Rhe1 Bb7 18. Nb3 Nxb3+ 19. Bxb3 Rc8 20. f3 Ke7 21. Re2 Rc7 22. Bf2 Bxf2 23. Rxf2 Rd8 24. Re2 f6 25. g4 Rcd7 26. h3 h5 27. Rd3 Rh8 28. c3 hxg4 29. hxg4 Rh3 30. Red2 Rh1+ 31. Rd1 Rh3 32. R1d2 Rh1+ 33. Rd1 1/2-1/2

[Event "Regionalliga NW 1415"]
[Site "Bayern"]
[Date "2014.10.19"]
[Round "1.8"]
[White "Schnepper, Pauline"]
[Black "Kitschke, Stephan"]
[Result "1/2-1/2"]
[WhiteElo "1535"]
[BlackElo "1692"]
[PlyCount "74"]
[EventDate "2014.10.19"]
[EventType "team-tourn"]
[EventRounds "9"]
[EventCountry "GER"]
[SourceTitle "EXT 2018"]
[Source "ChessBase"]
[SourceDate "2017.10.13"]
[SourceVersion "1"]
[SourceVersionDate "2017.10.13"]
[SourceQuality "1"]
[WhiteTeam "Mainaschaff"]
[BlackTeam "Hof PTSV"]
[WhiteTeamCountry "GER"]
[BlackTeamCountry "GER"]

1. e4 e5 2. Nf3 Nc6 3. d4 exd4 4. Nxd4 Nxd4 5. Qxd4 d6 6. Nc3 Nf6 7. Bc4 Be7 8. Bf4 0-0 9. 0-0-0 Nd7 10. Nd5 Re8 11. Rhe1 Ne5 12. Kb1 Ng6 13. Bg3 Be6 14. f4 Bf6 15. Qd3 Bxd5 16. Qxd5 Qe7 17. Bb3 Rab8 18. Rd3 b6 19. Rde3 Rbd8 20. Qc4 a5 21. e5 dxe5 22. fxe5 Bg5 23. Re4 Nf8 24. e6 Nxe6 25. Qb5 Kf8 26. a3 Qc5 27. Qxc5+ Nxc5 28. Rxe8+ Rxe8 29. Rxe8+ Kxe8 30. Bxc7 Nxb3 31. cxb3 Be3 32. Kc2 Kd7 33. Be5 g6 34. Kd3 Ke6 35. Bc3 Bf4 36. h3 Kd5 37. Bd4 Bc7 1/2-1/2

[Event "GER-chT U14 Girls"]
[Site "Magdeburg"]
[Date "2012.12.29"]
[Round "5.1"]
[White "Schnepper, Pauline"]
[Black "Hund, Sarah"]
[Result "1/2-1/2"]
[WhiteElo "1580"]
[BlackElo "1859"]
[PlyCount "71"]
[EventDate "2012.12.27"]
[EventType "team-swiss"]
[EventRounds "7"]
[EventCountry "GER"]
[SourceTitle "EXT 2014"]
[Source "ChessBase"]
[SourceDate "2013.11.20"]
[SourceVersion "1"]
[SourceVersionDate "2013.11.20"]
[SourceQuality "1"]
[WhiteTeam "Mainaschaff"]
[BlackTeam "Freiburg Zaehringen"]
[WhiteTeamCountry "GER"]
[BlackTeamCountry "GER"]

1. e4 e5 2. Nf3 Nc6 3. d4 exd4 4. Nxd4 Nf6 5. Nxc6 bxc6 6. e5 Qe7 7. Qe2 Nd5 8. c4 Ba6 9. b3 g6 10. Qe4 Nb6 11. Bb2 Bg7 12. Bd3 0-0 13. 0-0 Rfe8 14. Re1 d5 15. cxd5 cxd5 16. Qe2 Bxd3 17. Qxd3 Qg5 18. Nd2 Rad8 19. Nf3 Qe7 20. Rac1 Bh6 21. Rc2 f6 22. Rce2 fxe5 23. Rxe5 Qd7 24. Rxe8+ Rxe8 25. Rxe8+ Qxe8 26. Qa6 Qe4 27. Qf1 Qc2 28. Qa1 c5 29. Bf6 Nd7 30. Bg5 Bxg5 31. Nxg5 d4 32. Qe1 Qf5 33. Qe6+ Qxe6 34. Nxe6 h6 35. Kf1 Kf7 36. Nf4 1/2-1/2

[Event "GER-chT U14 Girls"]
[Site "Magdeburg"]
[Date "2012.12.28"]
[Round "3.1"]
[White "Schnepper, Pauline"]
[Black "Klinge, Sabina"]
[Result "1/2-1/2"]
[WhiteElo "1580"]
[BlackElo "1449"]
[PlyCount "92"]
[EventDate "2012.12.27"]
[EventType "team-swiss"]
[EventRounds "7"]
[EventCountry "GER"]
[SourceTitle "EXT 2014"]
[Source "ChessBase"]
[SourceDate "2013.11.20"]
[SourceVersion "1"]
[SourceVersionDate "2013.11.20"]
[SourceQuality "1"]
[WhiteTeam "Mainaschaff"]
[BlackTeam "Harksheide"]
[WhiteTeamCountry "GER"]
[BlackTeamCountry "GER"]

1. e4 c5 2. Nf3 Nc6 3. d4 cxd4 4. Nxd4 g6 5. Nxc6 bxc6 6. Bc4 Bg7 7. 0-0 d6 8. Nc3 e6 9. Re1 Ne7 10. Bg5 0-0 11. Bb3 Qc7 12. Bf4 Rd8 13. Qf3 Qd7 14. Rad1 d5 15. Bg5 d4 16. Bf6 c5 17. Bxg7 Kxg7 18. Nb1 Bb7 19. Nd2 Qc7 20. c3 Rf8 21. cxd4 cxd4 22. Qe2 e5 23. Nf3 f6 24. h3 Rad8 25. Qd3 Qb6 26. Nd2 Ba6 27. Bc4 Bxc4 28. Nxc4 Qb8 29. Rf1 g5 30. Qg3 Ng6 31. Qg4 Qc8 32. Qxc8 Rxc8 33. b3 Rfd8 34. g3 h5 35. Rc1 h4 36. Nb2 Rc3 37. Rfd1 Rdc8 38. Nc4 Rxc1 39. Rxc1 Kf8 40. Kf1 Ke7 41. Ke2 Ke6 42. Kf3 hxg3 43. fxg3 Rh8 44. Kg4 Ne7 45. Re1 Ng6 46. Rc1 Ne7 1/2-1/2

[Event "GER-chT U18 Girls"]
[Site "Germany"]
[Date "2012.05.06"]
[Round "7.2"]
[White "Halle, Julia"]
[Black "Schnepper, Pauline"]
[Result "0-1"]
[WhiteElo "1312"]
[BlackElo "1596"]
[PlyCount "100"]
[EventDate "2012.05.04"]
[EventType "team-swiss"]
[EventRounds "7"]
[EventCountry "GER"]
[SourceTitle "EXT 2014"]
[Source "ChessBase"]
[SourceDate "2013.11.20"]
[SourceVersion "1"]
[SourceVersionDate "2013.11.20"]
[SourceQuality "1"]
[WhiteTeam "Bad Langensalza (W)"]
[BlackTeam "Aschaffenburg FDG (W)"]
[WhiteTeamCountry "GER"]
[BlackTeamCountry "GER"]

1. e4 c6 2. d4 d5 3. e5 c5 4. c3 Nc6 5. Nf3 Bg4 6. Bb5 Qb6 7. Bxc6+ bxc6 8. 0-0 Bxf3 9. Qxf3 cxd4 10. cxd4 Qxd4 11. Qc3 Qxc3 12. Nxc3 e6 13. Bf4 Ne7 14. Rac1 Ng6 15. Ne2 Nxf4 16. Nxf4 c5 17. b3 Rc8 18. a3 Be7 19. Ne2 0-0 20. Rfd1 Rc7 21. Nc3 Rfc8 22. Kf1 a5 23. Nb5 Rb7 24. Nd6 Bxd6 25. exd6 Rd7 26. b4 axb4 27. axb4 c4 28. Ra1 Rxd6 29. Rdb1 h6 30. b5 Rb8 31. Ra5 d4 32. Ke2 f6 33. Rb4 c3 34. Kd3 e5 35. Rba4 Rdb6 36. Rb4 Kh7 37. h4 Kg6 38. g4 R8b7 39. f3 f5 40. Rb1 fxg4 41. fxg4 Kf7 42. Rf1+ Ke6 43. Ra6 Ke7 44. Rxb6 Rxb6 45. Rb1 Kd6 46. Ke4 Kc5 47. Kxe5 Rxb5 48. Rc1 Kc4+ 49. Ke4 d3 50. Ke3 Re5+ 0-1

[Event "GER-chT U18 Girls"]
[Site "Germany"]
[Date "2011.05.15"]
[Round "7.2"]
[White "Kuehnel, Lena"]
[Black "Schnepper, Pauline"]
[Result "1-0"]
[WhiteElo "1863"]
[BlackElo "1512"]
[PlyCount "37"]
[EventDate "2011.05.13"]
[EventType "team-swiss"]
[EventRounds "7"]
[EventCountry "GER"]
[SourceTitle "EXT 2012"]
[Source "ChessBase"]
[SourceDate "2011.11.24"]
[SourceVersion "1"]
[SourceVersionDate "2011.11.24"]
[SourceQuality "1"]
[WhiteTeam "Stein Koenigsberg (W)"]
[BlackTeam "Aschaffenburg FDG (W)"]
[WhiteTeamCountry "GER"]
[BlackTeamCountry "GER"]

1. e4 c6 2. d4 d5 3. e5 Bf5 4. Nf3 Nd7 5. c4 dxc4 6. Bxc4 e6 7. 0-0 Nb6 8. Be2 h6 9. Nc3 Ne7 10. a4 a5 11. Qb3 Qc7 12. Bd2 Bg6 13. Rac1 Bh5 14. Nb5 Qd8 15. Nd6+ Kd7 16. Nxb7 Qc7 17. Nxa5 Nbd5 18. Rc5 Nf5 19. Rxc6 1-0

[Event "GER-chT U18 Girls"]
[Site "Germany"]
[Date "2011.05.14"]
[Round "5.2"]
[White "Lange, Anika"]
[Black "Schnepper, Pauline"]
[Result "0-1"]
[WhiteElo "1450"]
[BlackElo "1512"]
[PlyCount "117"]
[EventDate "2011.05.13"]
[EventType "team-swiss"]
[EventRounds "7"]
[EventCountry "GER"]
[SourceTitle "EXT 2012"]
[Source "ChessBase"]
[SourceDate "2011.11.24"]
[SourceVersion "1"]
[SourceVersionDate "2011.11.24"]
[SourceQuality "1"]
[WhiteTeam "Stade Athenaeum (W)"]
[BlackTeam "Aschaffenburg FDG (W)"]
[WhiteTeamCountry "GER"]
[BlackTeamCountry "GER"]

1. d4 d5 2. Nf3 c6 3. e3 Nf6 4. Bd3 Bg4 5. Nbd2 e6 6. 0-0 Bd6 7. h3 Bxf3 8. Nxf3 0-0 9. b3 Nbd7 10. Bb2 Rc8 11. Ne5 c5 12. Rc1 Qc7 13. f4 cxd4 14. exd4 Rfd8 15. Qe2 a6 16. Rce1 Qa5 17. a3 Qb6 18. Kh1 Bb8 19. f5 Qd6 20. fxe6 Qxe6 21. Nf3 Qxe2 22. Rxe2 Nh5 23. Re7 Ng3+ 24. Kg1 Nxf1 25. Kxf1 Bd6 26. Re2 Re8 27. Ng5 h6 28. Nf3 Rxe2 29. Kxe2 Re8+ 30. Kf2 b5 31. Bf5 Re7 32. g4 g6 33. Bd3 Kg7 34. Bc1 Re8 35. Bb2 Nf6 36. Nd2 Bf4 37. Nb1 h5 38. gxh5 Nxh5 39. Nc3 Be3+ 40. Kf3 Bxd4 41. Kg4 f5+ 42. Kf3 Re3+ 43. Kg2 Rg3+ 44. Kf1 Rxh3 45. Kg2 Rg3+ 46. Kf1 Rg1+ 47. Ke2 Nf4+ 48. Kf3 Nxd3 49. cxd3 Rf1+ 50. Ke2 Rf2+ 51. Kd1 Rxb2 52. Nxd5 Rxb3 53. Kc2 Rxa3 54. Nb4 a5 55. Nd5 b4 56. Kd2 b3 57. Nc3 Ra2+ 58. Nxa2 bxa2 59. Kc2 0-1

[Event "GER-chT U18 Girls"]
[Site "Germany"]
[Date "2011.05.14"]
[Round "4.2"]
[White "Schnepper, Pauline"]
[Black "Kim, Yun Mi"]
[Result "1-0"]
[WhiteElo "1512"]
[BlackElo "1020"]
[PlyCount "69"]
[EventDate "2011.05.13"]
[EventType "team-swiss"]
[EventRounds "7"]
[EventCountry "GER"]
[SourceTitle "EXT 2012"]
[Source "ChessBase"]
[SourceDate "2011.11.24"]
[SourceVersion "1"]
[SourceVersionDate "2011.11.24"]
[SourceQuality "1"]
[WhiteTeam "Aschaffenburg FDG (W)"]
[BlackTeam "Trier (W)"]
[WhiteTeamCountry "GER"]
[BlackTeamCountry "GER"]

1. e4 e5 2. Nf3 Nc6 3. d4 exd4 4. Nxd4 Nxd4 5. Qxd4 Be7 6. Bc4 Nh6 7. Qxg7 Rg8 8. Bxf7+ Nxf7 9. Qxg8+ Bf8 10. Qxh7 Qe7 11. Nc3 d6 12. Nd5 Qd8 13. Qg6 Be7 14. Qg8+ Bf8 15. h4 Be6 16. Nf4 Qe7 17. Ng6 Qd8 18. Qxf8+ Kd7 19. Qxd8+ Rxd8 20. h5 d5 21. exd5 Bxd5 22. Nf4 Be4 23. c3 Rg8 24. f3 Bf5 25. Be3 Re8 26. Kf2 Ke7 27. Nd5+ Kd8 28. Rad1 Kc8 29. Bf4 Bc2 30. Rd2 Bf5 31. Nxc7 Rh8 32. g4 Bd7 33. h6 Bc6 34. Nd5 Nd8 35. Ne7# 1-0

[Event "GER-chT U18 Girls"]
[Site "Germany"]
[Date "2011.05.13"]
[Round "1.1"]
[White "Schnepper, Pauline"]
[Black "Hillmer, Nicole"]
[Result "1-0"]
[WhiteElo "1512"]
[BlackElo "1204"]
[PlyCount "65"]
[EventDate "2011.05.13"]
[EventType "team-swiss"]
[EventRounds "7"]
[EventCountry "GER"]
[SourceTitle "EXT 2012"]
[Source "ChessBase"]
[SourceDate "2011.11.24"]
[SourceVersion "1"]
[SourceVersionDate "2011.11.24"]
[SourceQuality "1"]
[WhiteTeam "Aschaffenburg FDG (W)"]
[BlackTeam "Neureut Gymn (W)"]
[WhiteTeamCountry "GER"]
[BlackTeamCountry "GER"]

1. e4 e5 2. Nf3 Nc6 3. d4 exd4 4. Nxd4 Bc5 5. Nxc6 dxc6 6. Qxd8+ Kxd8 7. Bc4 Ke7 8. Bf4 Bb6 9. Nc3 Be6 10. Bxe6 Kxe6 11. Na4 Ba5+ 12. c3 Bb6 13. Nxb6 cxb6 14. 0-0-0 f6 15. Rd6+ Kf7 16. Rhd1 Ne7 17. Rd7 Rhe8 18. Rxb7 Kf8 19. Rdd7 Rad8 20. Bd6 Rxd7 21. Rxd7 a5 22. f4 g6 23. g4 h6 24. Kd2 Kf7 25. f5 g5 26. Kd3 a4 27. Kc4 Kf8 28. b3 axb3 29. axb3 Kf7 30. b4 Kf8 31. Rb7 Kf7 32. Kd4 Kf8 33. e5 1-0

[Event "GER-ch U12"]
[Site "Oberhof"]
[Date "2010.05.28"]
[Round "9"]
[White "Mager, Denis"]
[Black "Schnepper, Pauline"]
[Result "1-0"]
[WhiteElo "1538"]
[BlackElo "1536"]
[PlyCount "113"]
[EventDate "2010.05.22"]
[EventType "swiss"]
[EventRounds "11"]
[EventCountry "GER"]
[SourceTitle "CBM 136 Extra"]
[Source "ChessBase"]
[SourceDate "2010.07.02"]
[SourceVersion "2"]
[SourceVersionDate "2010.07.15"]
[SourceQuality "1"]

1. d4 d5 2. c4 c6 3. Nc3 Nf6 4. Nf3 Bg4 5. e3 Nbd7 6. Be2 Qc7 7. Qb3 Nb6 8. cxd5 Nbxd5 9. Bc4 Bxf3 10. gxf3 e6 11. Bd2 Bd6 12. h3 Be7 13. Ne2 Qb6 14. e4 Qxb3 15. Bxb3 Nb6 16. Rg1 Rg8 17. Nf4 Kd7 18. a4 a5 19. Nd3 Ke8 20. Ke2 h6 21. e5 Nh7 22. Bxh6 g5 23. f4 Rg6 24. Bxg5 Nxg5 25. fxg5 Rxg5 26. Rxg5 Bxg5 27. Nc5 Rb8 28. Rg1 Be7 29. Rg8+ Bf8 30. Ne4 Kd7 31. Nf6+ Ke7 32. h4 Rd8 33. Rg4 Nd5 34. Bxd5 cxd5 35. h5 Rc8 36. Kd3 Rc1 37. h6 Bxh6 38. Ng8+ Kd7 39. Nxh6 Ra1 40. b3 Kc6 41. Nxf7 Kd7 42. Nd6 b6 43. Rg7+ Kc6 44. Nb5 Rd1+ 45. Ke3 Rd3+ 46. Kf4 Rf3+ 47. Kg5 Rf5+ 48. Kg6 Rg5+ 49. Kf7 Rf5+ 50. Ke7 Rxf2 51. Rg6 Rf3 52. Rxe6+ Kb7 53. Kd6 Rh3 54. Re7+ Kc8 55. Na7+ Kd8 56. Nc6+ Kc8 57. Rc7# 1-0

[Event "GER-ch U12"]
[Site "Oberhof"]
[Date "2010.05.28"]
[Round "10"]
[White "Schnepper, Pauline"]
[Black "Altstadt, Karl Simon"]
[Result "0-1"]
[WhiteElo "1536"]
[BlackElo "1401"]
[PlyCount "106"]
[EventDate "2010.05.22"]
[EventType "swiss"]
[EventRounds "11"]
[EventCountry "GER"]
[SourceTitle "CBM 136 Extra"]
[Source "ChessBase"]
[SourceDate "2010.07.02"]
[SourceVersion "2"]
[SourceVersionDate "2010.07.15"]
[SourceQuality "1"]

1. e4 c5 2. Nc3 d6 3. g3 Nf6 4. Bg2 a6 5. d3 e6 6. f4 Be7 7. Nf3 Bd7 8. 0-0 0-0 9. h3 Nc6 10. g4 Rc8 11. f5 e5 12. g5 Ne8 13. h4 Kh8 14. Qe1 Nd4 15. Nxd4 cxd4 16. Nd1 Rxc2 17. Nf2 Rc8 18. Nh3 Bb5 19. Qg3 Rg8 20. Kh1 Bc6 21. Qf3 Nc7 22. f6 Bf8 23. fxg7+ Bxg7 24. h5 Ne6 25. g6 fxg6 26. hxg6 Qh4 27. Qf5 Bd7 28. gxh7 Rgf8 29. Bg5 Rxf5 30. Bxh4 Rh5 31. Bg3 Ng5 32. Kg1 Bxh3 33. Bxh3 Nxh3+ 34. Kg2 Ng5 35. Rf2 Rh6 36. Rf5 Rc2+ 37. Rf2 Rxf2+ 38. Kxf2 Rf6+ 39. Ke2 Rf3 40. Bh4 Re3+ 41. Kf2 Ne6 42. Rd1 Nf4 43. Rd2 Nxd3+ 44. Kf1 Rxe4 45. Bg5 Rg4 46. Be7 e4 47. Bxd6 Bh6 48. Rh2 Kxh7 49. Ke2 Rg6 50. Bf8 Rc6 51. Rh4 Rc2+ 52. Kd1 Rc1+ 53. Ke2 Re1# 0-1

[Event "GER-ch U12"]
[Site "Oberhof"]
[Date "2010.05.26"]
[Round "7"]
[White "Bohnert, Dominik"]
[Black "Schnepper, Pauline"]
[Result "1/2-1/2"]
[WhiteElo "1370"]
[BlackElo "1536"]
[PlyCount "33"]
[EventDate "2010.05.22"]
[EventType "swiss"]
[EventRounds "11"]
[EventCountry "GER"]
[SourceTitle "CBM 136 Extra"]
[Source "ChessBase"]
[SourceDate "2010.07.02"]
[SourceVersion "2"]
[SourceVersionDate "2010.07.15"]
[SourceQuality "1"]

1. e4 c5 2. Nf3 Nc6 3. d4 cxd4 4. Nxd4 g6 5. Nc3 Bg7 6. Be3 Nf6 7. Bc4 0-0 8. Bb3 a5 9. f3 d5 10. exd5 Nb4 11. Nde2 a4 12. Bc4 Bf5 13. Nd4 Bc8 14. Nde2 Bf5 15. Nd4 Bc8 16. Nde2 Bf5 17. Nd4 1/2-1/2

[Event "GER-ch U12"]
[Site "Oberhof"]
[Date "2010.05.23"]
[Round "1"]
[White "Azizova, Laura"]
[Black "Schnepper, Pauline"]
[Result "0-1"]
[WhiteElo "1078"]
[BlackElo "1536"]
[PlyCount "92"]
[EventDate "2010.05.22"]
[EventType "swiss"]
[EventRounds "11"]
[EventCountry "GER"]
[SourceTitle "CBM 136 Extra"]
[Source "ChessBase"]
[SourceDate "2010.07.02"]
[SourceVersion "2"]
[SourceVersionDate "2010.07.15"]
[SourceQuality "1"]

1. e4 c6 2. d4 d5 3. exd5 cxd5 4. Nc3 Nc6 5. Nf3 Bg4 6. Be2 Nf6 7. h3 Bxf3 8. Bxf3 e6 9. 0-0 Be7 10. Bf4 0-0 11. Re1 Qb6 12. Be5 Qxb2 13. Qd2 Qb6 14. Rab1 Qd8 15. Rxb7 Bd6 16. Nb5 Bxe5 17. dxe5 Nd7 18. Qc3 Rc8 19. Nd6 Rc7 20. Qb2 Rxb7 21. Nxb7 Qc7 22. Nd6 Ncxe5 23. Rxe5 Qxd6 24. Rg5 f6 25. Rg3 Ne5 26. Qb7 Nxf3+ 27. gxf3 g6 28. Qxa7 e5 29. h4 Rf7 30. Qa8+ Kg7 31. a4 Qc5 32. a5 Ra7 33. Qe8 Qxa5 34. h5 Qa4 35. Rxg6+ hxg6 36. Qxg6+ Kh8 37. Qxf6+ Rg7+ 38. Kf1 Qc4+ 39. Ke1 Qb4+ 40. Kd1 Qe7 41. Qh6+ Rh7 42. Qa6 Rxh5 43. Qa8+ Kg7 44. Qxd5 Rh4 45. c3 Rh6 46. c4 Rd6 0-1

[Event "GER-ch U12"]
[Site "Oberhof"]
[Date "2010.05.23"]
[Round "2"]
[White "Schnepper, Pauline"]
[Black "Walter, Kevin"]
[Result "0-1"]
[WhiteElo "1536"]
[BlackElo "1777"]
[PlyCount "90"]
[EventDate "2010.05.22"]
[EventType "swiss"]
[EventRounds "11"]
[EventCountry "GER"]
[SourceTitle "CBM 136 Extra"]
[Source "ChessBase"]
[SourceDate "2010.07.02"]
[SourceVersion "2"]
[SourceVersionDate "2010.07.15"]
[SourceQuality "1"]

1. e4 c5 2. Nf3 d6 3. Bb5+ Bd7 4. Bxd7+ Qxd7 5. 0-0 Nf6 6. d3 Nc6 7. Re1 e6 8. Bg5 Be7 9. Nc3 0-0 10. e5 dxe5 11. Nxe5 Nxe5 12. Rxe5 Rac8 13. Qe2 Rfd8 14. Rb1 Qc7 15. b3 Rd7 16. h3 Qc6 17. Rd1 b5 18. Re3 Nd5 19. Nxd5 Bxg5 20. Nc3 Bxe3 21. Qxe3 Rcd8 22. Ne4 c4 23. Rd2 cxd3 24. Rxd3 Rxd3 25. cxd3 h6 26. Ng3 Qc2 27. Qxa7 Qxd3 28. Qb6 Ra8 29. a4 bxa4 30. bxa4 Qa6 31. Qc7 Qxa4 32. Qe5 Qa1+ 33. Qxa1 Rxa1+ 34. Nf1 Kh7 35. g3 Kg6 36. Kg2 Rxf1 37. Kxf1 Kf5 38. Ke2 Ke4 39. h4 h5 40. f3+ Kd4 41. Kd2 e5 42. Ke2 f5 43. Kd2 e4 44. Ke2 e3 45. g4 hxg4 0-1

[Event "GER-ch U10"]
[Site "Willingen"]
[Date "2008.05.11"]
[Round "11"]
[White "Sadjjadi, Anahita"]
[Black "Schnepper, Pauline"]
[Result "0-1"]
[WhiteElo "863"]
[BlackElo "1145"]
[PlyCount "98"]
[EventDate "2008.05.11"]
[EventType "swiss"]
[EventRounds "11"]
[EventCountry "GER"]
[SourceTitle "CBM 124 Extra"]
[Source "ChessBase"]
[SourceDate "2008.07.03"]
[SourceVersion "1"]
[SourceVersionDate "2008.07.03"]
[SourceQuality "1"]

1. e4 c5 2. Nf3 d6 3. Nc3 Nc6 4. Bb5 Bd7 5. d3 Nf6 6. Bg5 a6 7. Bxc6 Bxc6 8. 0-0 e6 9. h3 Be7 10. Qd2 h6 11. Bxf6 Bxf6 12. d4 0-0 13. dxc5 dxc5 14. Rad1 Qxd2 15. Rxd2 Rad8 16. Rfd1 Rxd2 17. Rxd2 Bxc3 18. bxc3 Bxe4 19. Rd7 b5 20. Nd2 Bxc2 21. Ra7 Bd3 22. Rxa6 b4 23. Rd6 Bf5 24. cxb4 cxb4 25. Rb6 Rd8 26. Nb3 Ra8 27. Rxb4 Rxa2 28. Rb8+ Kh7 29. Kh2 Rb2 30. Rb7 Kg6 31. Nc5 Rxb7 32. Nxb7 e5 33. Kg1 Bd3 34. Nc5 Bc2 35. Kf1 Kf5 36. Ke2 g5 37. g4+ Kf4 38. f3 e4 39. fxe4 Bxe4 40. Nxe4 Kxe4 41. Kf2 f5 42. gxf5 Kxf5 43. Kg3 h5 44. h4 g4 45. Kg2 Kf4 46. Kh2 Kf3 47. Kg1 Kg3 48. Kf1 Kh2 49. Kf2 g3+ 0-1

[Event "GER-ch U10"]
[Site "Willingen"]
[Date "2008.05.11"]
[Round "10"]
[White "Schnepper, Pauline"]
[Black "Falk, Frederike"]
[Result "1/2-1/2"]
[WhiteElo "1145"]
[BlackElo "918"]
[PlyCount "85"]
[EventDate "2008.05.11"]
[EventType "swiss"]
[EventRounds "11"]
[EventCountry "GER"]
[SourceTitle "CBM 124 Extra"]
[Source "ChessBase"]
[SourceDate "2008.07.03"]
[SourceVersion "1"]
[SourceVersionDate "2008.07.03"]
[SourceQuality "1"]

1. e4 c6 2. d4 d5 3. e5 Bf5 4. g4 Be4 5. f3 Bg6 6. h4 h6 7. h5 Bh7 8. Bd3 Bxd3 9. Qxd3 e6 10. f4 Ne7 11. f5 exf5 12. gxf5 Nc8 13. e6 f6 14. Qg3 Nd6 15. Qg6+ Ke7 16. Bd2 Qb6 17. Bc3 Na6 18. a3 Nc7 19. Nd2 Ncb5 20. Ngf3 Nxc3 21. bxc3 Qd8 22. Nb3 Qe8 23. Nh4 Kd8 24. Qxe8+ Kxe8 25. Ng6 Rg8 26. Rf1 Nc4 27. a4 Ne3 28. Rf2 Bd6 29. Kd2 Nc4+ 30. Ke2 Bg3 31. Rf3 Bd6 32. Nc5 Bxc5 33. dxc5 Ne5 34. Nxe5 fxe5 35. Raf1 e4 36. Rg3 Ke7 37. Ke3 Raf8 38. Kd4 Kf6 39. Rg2 a6 40. c4 dxc4 41. Kxc4 Ke5 42. Rgf2 Rf6 43. e7 1/2-1/2